| 000 | 00840cab a22001935a 4500 | ||
|---|---|---|---|
| 001 | L158769 | ||
| 008 | 150717e20150704xxk 000 0 eng d | ||
| 035 | _a(Sirsi) u158769 | ||
| 041 | 0 | _aeng | |
| 100 | 1 | _aGrekos, Martha | |
| 245 | 0 | 0 | _aPreparing for take-off |
| 260 | _c2015 | ||
| 490 |
_aEstates Gazette _v(1526) 4 July 2015, 84-86(3) |
||
| 520 | _aExamines the two main methods of approval for the UK's next airport runway; a development consent order under the Planning Act 2008 and a hybrid bill examining in parliament by a combination of both public bill and private bill procedures. Notes that whatever consenting route is chosen the risks associated with the process and the potential delay are equal to both options. | ||
| 590 | _aKA | ||
| 651 | 4 | _aUnited Kingdom | |
| 690 |
_aPlanning and development _96259 |
||
| 942 | _n0 | ||
| 999 |
_c84687 _d84687 |
||